Marvel Characters (A-Z) Quiz Stats

 Plays Quiz Updated Jul 3, 2012

Challenge
Share
Tweet
Embed
Score 0/130 Timer 15:00
2 Plays Today
Letter Marvel Characters % Correct
SSpider-Man
90.6%
HHulk
85.2%
IIron Man
84.8%
CCaptain America
83.8%
BBucky Barnes
83.8%
WWolverine
80.8%
TThor
79.5%
CCyclops
69.9%
MMagneto
68.5%
TThing
66.2%
SStorm
65.8%
PProfessor X
65.6%
MMr. Fantastic
64.4%
HHank Pym (Wasp)
64.3%
HHawkeye
62.8%
HHuman Torch
62.5%
BBlack Widow
62%
JJean Grey (Phoenix)
62%
FFlash Thompson (Venom)
59.3%
BBeast
58.8%
NNorman Osborn (Iron Patriot)
58.7%
DDaredevil
58%
IInvisible Woman
56.2%
LLoki
55.8%
EEddie Brock (Anti-Venom)
55%
VVenom
54.6%
DDr. Doom
52%
IIceman
52%
DDr. Octopus
50.5%
RRogue
50.2%
QQuicksilver
46.9%
NNightcrawler
46.5%
BBlack Panther
46.4%
MMystique
45.9%
SScarlet Witch
44%
GGambit
43.9%
NNick Fury
43.3%
AArchangel
43.1%
DDr. Strange
42.8%
CColossus
41.7%
WWasp (Janet van Dyne)
40.5%
SShe-Hulk
38.2%
JJuggernaut
36%
OOdin
35.9%
Letter Marvel Characters % Correct
EElektra
35.2%
LLuke Cage
35%
RRed Skull
34.3%
PPunisher
34.3%
VVision
34.2%
MMary Jane Watson
33.7%
RRachel Summers (Marvel Girl)
33.7%
TThanos
33.3%
IIron Fist
33%
PPhoton
32.9%
EEmma Frost (White Queen)
32.6%
KKingpin
31.8%
CCable
31.5%
FFalcon
31.4%
GGalactus
30.8%
UUltron
30.6%
GGhost Rider
30.4%
AApocalypse
29.9%
JJubilee
28.7%
AAunt May Parker
28.4%
SShadowcat
28.3%
MMs. Marvel (Carol Danvers)
27.6%
TToad
27.3%
NNamor the Sub-Mariner
26.9%
EElectro
26.8%
LLizard
26.3%
XX-Man
24.4%
PPsylocke
22.8%
XX-23
22.6%
BBishop
21.2%
VVulture
21%
HHercules
20.5%
UUncle Ben Parker
19.9%
NNova
19.4%
JJ. Jonah Jameson
19.2%
GGwen Stacy
18.9%
YYellowjacket (Rita DeMara)
18.5%
WWonder Man
16.4%
QQuasar
15.2%
CCannonball
14.9%
PPolaris
14.5%
JJarvis
13.9%
KKang the Conquerer
13.5%
GGeneral 'Thunderbolt' Ross
13.4%
Letter Marvel Characters % Correct
ZZeus
13.1%
AAres
12.2%
OOmega Red
12.1%
EEnchantress
12.1%
DDum Dum Dugan
11.1%
TTigra
11.1%
WWatcher
10.7%
VValkyrie
10.6%
FFranklin Richards
10.3%
KKa-Zar
9.8%
RRick Jones (A-Bomb)
9.8%
WWolfsbane
9.3%
YYondu (Earth-691)
9.1%
UUS Agent
9.1%
VVolstagg
8.9%
XXorn
8.3%
FFandral
8.2%
FFoggy Nelson
8.1%
QQuake
8.1%
XX-Ray
7.8%
YYmir the Frost Giant
7.7%
OOnslaught
7.7%
LLockheed
7.5%
ZZabu
7.3%
RRobbie Robertson
7%
OOwl
6.8%
AAlicia Masters
6.6%
UUnion Jack
6.5%
OOmega Sentinel
5.8%
IIkaris
5.5%
KKarnak
5.5%
YYellow Claw
5.1%
QQuasimodo
5%
UUlik the Troll
4.9%
LLiz Allan
4.8%
QQueen Veranke
4.3%
YYukio
4.3%
ZZarathos
4.2%
XXavin
4.2%
KKid Colt
4%
ZZaran
3.6%
ZZarrko
3%

You're not logged in!

Compare scores with friends on all Sporcle quizzes.
Join for Free
OR
Log In

You Might Also Like...

Show Comments

Extras

Top Quizzes Today


Score Distribution

Your Account Isn't Verified!

In order to create a playlist on Sporcle, you need to verify the email address you used during registration. Go to your Sporcle Settings to finish the process.

Report this User

Report this user for behavior that violates our Community Guidelines.

Details: